00711nam a22002177a 450000500170000001000150001702000270003203500130005903700130007208200120008524500650009726000350016227000620019730000330025950000290029250000520032165000310037365000440040465000220044870000230047020150708122846.0 aENG-113168 c2995.00a9789383098064 aEN-96700 bDBAD/PUB a759.954 aRadha :cedited by Harsha V. Dehejiabfrom Gopi to goddess / bNiyogi Booksc2014aNew Delhi  bNew Delhie110020aD-78, Okhla Industrial Area, Phase-I,  a260p. :c31cm(Hb)bcol. ill. aFilmography (pages 196). a Includes bibliographical references and index. a Radha (Hindu deity)vArt. a Rādhā (Hindu deity) in literature. a Painting, Indic. aDehejia, Harsha V.